| 000 | 00457nam a22001457a 4500 | ||
|---|---|---|---|
| 082 |
_a621.317 _bIDE _cL-11, P-15 |
||
| 100 |
_aMessrs. S. Wolf & Co. Ltd _941488 |
||
| 245 | _aIdentification list for portable electric tools and small machine tools / | ||
| 250 | _a1st ed. | ||
| 260 |
_aLondon: _bMessrs. S. Wolf & Co. Ltd, _cc1943 |
||
| 300 |
_avarious paging,; _c26cm |
||
| 526 |
_a0 _b0 _c0 _d621_317000000000000_IDE |
||
| 650 |
_aMCE _9379 |
||
| 942 |
_2ddc _cBK |
||
| 999 |
_c545584 _d545584 |
||